| 000 | 00620nam a2200205 a 4500 | ||
|---|---|---|---|
| 005 | 20251121063921.0 | ||
| 008 | 070330s2002 mx r 000 0 spa d | ||
| 020 | _a9681105370 | ||
| 035 | _aUPN01000150048 | ||
| 049 | _aCG | ||
| 050 | 4 |
_aHQ32 _bG6.7 |
|
| 100 | 1 | _aGonzález Ruiz, Edgar | |
| 245 | 1 | 3 |
_aLa sexualidad prohibida : _bintolerancia, sexismo y represión / _cEdgar González Ruiz ; pról. de Carlos Monsiváis. |
| 260 |
_aMéxico : _bPlaza&Janés, _cc2002. |
||
| 300 | _a299 p. | ||
| 440 | 0 | _aTemas de debate | |
| 650 | 4 |
_aEducación sexual _zMéxico _916130 |
|
| 650 | 2 |
_aSexismo _96991 |
|
| 905 | _aLibro | ||
| 999 |
_c122189 _d122189 |
||